Para una teoría de los textos poli-isotópicos /

Na minha lista:
Detalhes bibliográficos
Autor principal: Arrivé, Michel
Formato: Desconhecido
Idioma:Spanish
Colecção:(Colección Criterios)
Assuntos:
Tags: Adicionar Tag
Sem tags, seja o primeiro a adicionar uma tag!

MARC

LEADER 000000000a22000000004500
001 009153
041 0 |a spa 
100 1 |a Arrivé, Michel 
245 1 0 |a Para una teoría de los textos poli-isotópicos /   |c Michel Arrivé. 
490 1 |a (Colección Criterios) 
650 4 |a LITERATURA 
650 4 |a HISTORIA Y CRITICA 
650 4 |a INTERTEXTUALIDAD 
773 0 |d La Habana, Cuba : Casa de las Américas  |t Criterios. Revista Internacional de Teoría de la Literatura y las Artes, Estética y Cultorología  |g (1997), páginas 75-86 
942 |c ARC 
999 |c 15057  |d 15057